LEADER 01105nam a2200325 i 4500 001 991000710069707536 005 20020507172557.0 008 950321s1980 ne ||| | eng 020 $a0444854312 035 $ab10746390-39ule_inst 035 $aLE01301068$9ExL 040 $aDip.to Matematica$beng 082 0 $a516.5 084 $aAMS 51-01 084 $aAMS 51-XX 084 $aQA554 100 1 $aHeyting, A.$0442160 245 10$aAxiomatic projective geometry /$cby A. Heyting 250 $a2d ed 260 $aGroningen ; New York :$bP. Noordhoff,$c1980 300 $a150 p. :$bill. ;$c23 cm. 490 0 $aBibliotheca mathematica. A series of monographs on pure and applied mathematics ;$v5 500 $aIncludes index 650 4$aProjective geometry 907 $a.b10746390$b23-02-17$c28-06-02 912 $a991000710069707536 945 $aLE013 51-XX HEY11 (1980)$g1$i2013000025704$lle013$o-$pE0.00$q-$rl$s- $t0$u2$v0$w2$x0$y.i10838685$z28-06-02 996 $aAxiomatic projective geometry$981660 997 $aUNISALENTO 998 $ale013$b01-01-95$cm$da $e-$feng$gne $h0$i1 LEADER 02407oam 2200661 450 001 9910711417603321 005 20190319125803.0 035 $a(CKB)5470000002483869 035 $a(OCoLC)1057284406 035 $a(EXLCZ)995470000002483869 100 $a20181017d2018 ua 0 101 0 $aeng 135 $aurbn||||a|||| 181 $ctxt$2rdacontent 182 $cc$2rdamedia 183 $acr$2rdacarrier 200 10$aOpen hearing $eelection security : hearing before the Select Committee on Intelligence of the United States Senate, One Hundred Fifteenth Congress, second session, Wednesday, March 21, 2018 210 1$aWashington :$cU.S. Government Publishing Office,$d2018. 215 $a1 online resource (iii, 100 pages) 225 1 $aS. hrg. ;$v115-347 320 $aIncludes bibliographical references. 517 $aOpen hearing 606 $aElection security$zUnited States 606 $aElections$xEquipment and supplies$xSecurity measures$zUnited States 606 $aVoting-machines$xSecurity measures$zUnited States 606 $aBallot$xSecurity measures$zUnited States 606 $aPresidents$zUnited States$xElection$y2016 606 $aHacktivism$zUnited States 606 $aInternet in political campaigns$xSecurity measures$zUnited States 606 $aPolitical campaigns$zUnited States$xComputer network resources 606 $aHacktivism$2fast 606 $aPolitical campaigns$xComputer network resources$2fast 606 $aPresidents$xElection$2fast 607 $aUnited States$2fast 608 $aLegislative hearings.$2fast 608 $aLegislative hearings.$2lcgft 615 0$aElection security 615 0$aElections$xEquipment and supplies$xSecurity measures 615 0$aVoting-machines$xSecurity measures 615 0$aBallot$xSecurity measures 615 0$aPresidents$xElection 615 0$aHacktivism 615 0$aInternet in political campaigns$xSecurity measures 615 0$aPolitical campaigns$xComputer network resources. 615 7$aHacktivism. 615 7$aPolitical campaigns$xComputer network resources. 615 7$aPresidents$xElection. 801 0$bGPO 801 1$bGPO 801 2$bGPO 801 2$bMERUC 801 2$bOCLCF 801 2$bZCY 801 2$bGPO 906 $aBOOK 912 $a9910711417603321 996 $aOpen hearing$93436313 997 $aUNINA